[Event "MCRDMZ 2018"]
[Site "Varnsdorf"]
[Date "2018.06.17"]
[Round "2.1"]
[White "Petricek Lukas (Kurim)"]
[Black "Hrbek Stepan (Polabiny A)"]
[Result "1-0"]
[BlackElo "1785"]
[WhiteElo "1774"]
[LiveChessVersion "1.4.8"]

1. e4 {[%clk 0:25:17]} c5 {[%clk 0:25:20]} 2. c3 {[%clk 0:25:27]} Nf6
{[%clk 0:25:22]} 3. e5 {[%clk 0:25:36]} Nd5 {[%clk 0:25:31]} 4. d4
{[%clk 0:25:45]} cxd4 {[%clk 0:25:40]} 5. cxd4 {[%clk 0:25:54]} d6
{[%clk 0:25:07]} 6. exd6 {[%clk 0:25:57]} Nc6 {[%clk 0:25:08]} 7. Nc3
{[%clk 0:24:48]} Qxd6 {[%clk 0:23:59]} 8. Nf3 {[%clk 0:24:26]} Bg4
{[%clk 0:23:14]} 9. Be2 {[%clk 0:24:35]} e6 {[%clk 0:23:13]} 10. O-O
{[%clk 0:24:35]} Be7 {[%clk 0:23:07]} 11. h3 {[%clk 0:24:20]} Bh5
{[%clk 0:22:25]} 12. Be3 {[%clk 0:23:57]} O-O {[%clk 0:21:14]} 13. Qb3
{[%clk 0:22:31]} Rfd8 {[%clk 0:15:05]} 14. Rfd1 {[%clk 0:17:37]} Qb4
{[%clk 0:10:06]} 15. Nxd5 {[%clk 0:17:15]} Rxd5 {[%clk 0:10:07]} 16. Qxb4
{[%clk 0:16:24]} Nxb4 {[%clk 0:09:50]} 17. a3 {[%clk 0:15:15]} Nc2
{[%clk 0:07:53]} 18. Rac1 {[%clk 0:15:24]} Nxe3 {[%clk 0:08:00]} 19. fxe3
{[%clk 0:15:32]} Rad8 {[%clk 0:07:59]} 20. g4 {[%clk 0:14:50]} Bg6
{[%clk 0:08:03]} 21. Ne5 {[%clk 0:14:53]} Be4 {[%clk 0:06:26]} 22. Bf3
{[%clk 0:13:13]} Bxf3 {[%clk 0:04:28]} 23. Nxf3 {[%clk 0:13:19]} Bf6
{[%clk 0:04:04]} 24. Kf1 {[%clk 0:12:10]} Rb5 {[%clk 0:01:49]} 25. b4
{[%clk 0:12:06]} a5 {[%clk 0:01:58]} 26. Rc5 {[%clk 0:12:13]} Rd5
{[%clk 0:01:17]} 27. Rxb5 {[%clk 0:11:55]} Rxb5 28. Rc1 {[%clk 0:12:04]} Kf8
{[%clk 0:01:05]} 29. Rc5 {[%clk 0:12:13]} Rxc5 {[%clk 0:01:14]} 30. bxc5
{[%clk 0:12:22]} Ke7 {[%clk 0:01:23]} 31. Ke2 {[%clk 0:12:30]} Kd7
{[%clk 0:01:30]} 32. Kd3 {[%clk 0:12:39]} Kc7 {[%clk 0:01:31]} 33. Kc4
{[%clk 0:11:58]} b6 {[%clk 0:01:28]} 34. Kb5 {[%clk 0:11:47]} bxc5
{[%clk 0:01:37]} 35. dxc5 {[%clk 0:11:56]} Bc3 {[%clk 0:01:38]} 36. Nd4
{[%clk 0:11:09]} Bxd4 {[%clk 0:00:40]} 37. exd4 {[%clk 0:11:18]} f6
{[%clk 0:00:50]} 38. Kxa5 {[%clk 0:10:36]} Kc6 {[%clk 0:00:59]} 39. Kb4
{[%clk 0:10:45]} f5 {[%clk 0:00:53]} 40. gxf5 {[%clk 0:10:46]} exf5
{[%clk 0:01:02]} 41. Kc3 {[%clk 0:10:55]} g5 {[%clk 0:01:04]} 42. Kd3
{[%clk 0:11:02]} Kb5 {[%clk 0:00:37]} 43. Ke3 {[%clk 0:11:07]} Kc6
{[%clk 0:00:44]} 44. a4 {[%clk 0:11:16]} h5 {[%clk 0:00:46]} 45. Kf3
{[%clk 0:11:23]} g4+ {[%clk 0:00:19]} 46. hxg4 {[%clk 0:11:32]} fxg4+
{[%clk 0:00:25]} 47. Kg3 {[%clk 0:11:41]} Kd5 {[%clk 0:00:31]} 48. a5
{[%clk 0:11:49]} Kc6 {[%clk 0:00:36]} 49. a6 {[%clk 0:11:57]} Kc7
{[%clk 0:00:45]} 50. d5 {[%clk 0:12:06]} Kc8 {[%clk 0:00:43]} 51. c6
{[%clk 0:12:14]} Kb8 {[%clk 0:00:52]} 52. d6 {[%clk 0:12:23]} 1-0

[Event "MCRDMZ 2018"]
[Site "Varnsdorf"]
[Date "2018.06.17"]
[Round "2.2"]
[White "Brozka Karel (Polabiny A)"]
[Black "Tajovsky Simon (Kurim)"]
[Result "0-1"]
[BlackElo "1463"]
[WhiteElo "1735"]
[LiveChessVersion "1.4.8"]

1. d4 {[%clk 0:25:15]} d5 {[%clk 0:25:20]} 2. Nf3 {[%clk 0:25:12]} Nc6
{[%clk 0:25:22]} 3. c4 {[%clk 0:25:12]} Bg4 {[%clk 0:25:30]} 4. e3
{[%clk 0:23:58]} e5 {[%clk 0:25:30]} 5. cxd5 {[%clk 0:22:15]} Qxd5
{[%clk 0:25:34]} 6. Nc3 {[%clk 0:22:17]} Bb4 {[%clk 0:25:42]} 7. Bd2
{[%clk 0:22:21]} Bxc3 {[%clk 0:25:50]} 8. bxc3 {[%clk 0:21:38]} e4
{[%clk 0:25:57]} 9. c4 {[%clk 0:21:36]} Qd6 {[%clk 0:25:37]} 10. Qa4
{[%clk 0:21:06]} exf3 {[%clk 0:25:09]} 11. d5 {[%clk 0:20:56]} O-O-O
{[%clk 0:25:06]} 12. h3 {[%clk 0:19:41]} Bh5 {[%clk 0:24:49]} 13. Bc3
{[%clk 0:18:01]} Ne5 {[%clk 0:24:20]} 14. Bb4 {[%clk 0:16:09]} fxg2
{[%clk 0:23:13]} 15. Bxd6 {[%clk 0:13:59]} Nf3+ {[%clk 0:21:39]} 16. Ke2
{[%clk 0:13:08]} gxh1=Q {[%clk 0:20:43]} 17. Bg3 {[%clk 0:12:29]} a6
{[%clk 0:19:56]} 18. Qa5 {[%clk 0:10:58]} Ne5+ {[%clk 0:19:54]} 19. Ke1
{[%clk 0:08:01]} Qe4 {[%clk 0:19:08]} 20. Rc1 {[%clk 0:04:57]} Ne7
{[%clk 0:15:32]} 21. Qc5 {[%clk 0:03:51]} N7c6 {[%clk 0:14:26]} 22. f4
{[%clk 0:02:30]} Nd3+ {[%clk 0:14:03]} 23. Kd2 {[%clk 0:01:20]} Nxc5
{[%clk 0:13:50]} 0-1

[Event "MCRDMZ 2018"]
[Site "Varnsdorf"]
[Date "2018.06.17"]
[Round "2.3"]
[White "Bocek Adam (Kurim)"]
[Black "Juchelka Marek (Polabiny A)"]
[Result "1/2-1/2"]
[BlackElo "1657"]
[WhiteElo "1488"]
[LiveChessVersion "1.4.8"]

1. e4 {[%clk 0:25:19]} c5 {[%clk 0:25:19]} 2. Nc3 {[%clk 0:25:20]} d6
{[%clk 0:25:26]} 3. Bb5+ {[%clk 0:25:23]} Bd7 {[%clk 0:25:34]} 4. Bxd7+
{[%clk 0:25:12]} Qxd7 {[%clk 0:25:39]} 5. d3 {[%clk 0:25:18]} g6 {[%clk 0:25:45]}
6. f4 {[%clk 0:25:23]} Bg7 {[%clk 0:25:34]} 7. Nf3 {[%clk 0:25:28]} Nf6
{[%clk 0:25:33]} 8. O-O {[%clk 0:25:32]} O-O {[%clk 0:25:38]} 9. Qe1
{[%clk 0:25:32]} Nc6 {[%clk 0:25:21]} 10. h3 {[%clk 0:25:34]} Ne8
{[%clk 0:22:43]} 11. Qh4 {[%clk 0:25:19]} Nd4 {[%clk 0:21:33]} 12. Rf2
{[%clk 0:24:01]} Nxf3+ {[%clk 0:21:11]} 13. Rxf3 {[%clk 0:24:07]} e6
{[%clk 0:20:06]} 14. Bd2 {[%clk 0:23:03]} d5 {[%clk 0:19:03]} 15. e5
{[%clk 0:22:59]} Bh8 {[%clk 0:18:21]} 16. Kh1 {[%clk 0:22:44]} Ng7
{[%clk 0:18:00]} 17. g4 {[%clk 0:22:28]} Qc6 {[%clk 0:18:01]} 18. Raf1
{[%clk 0:21:02]} b5 {[%clk 0:16:47]} 19. b3 {[%clk 0:19:47]} c4 {[%clk 0:15:50]}
20. d4 {[%clk 0:15:51]} 1/2-1/2

[Event "MCRDMZ 2018"]
[Site "Varnsdorf"]
[Date "2018.06.17"]
[Round "2.4"]
[White "Stocek Martin (Polabiny A)"]
[Black "Setina Vaclav (Kurim)"]
[Result "1-0"]
[BlackElo "1445"]
[WhiteElo "1481"]
[LiveChessVersion "1.4.8"]

1. d4 {[%clk 0:25:18]} d5 {[%clk 0:25:16]} 2. c4 {[%clk 0:25:26]} c6
{[%clk 0:25:25]} 3. Nc3 {[%clk 0:25:33]} Nf6 {[%clk 0:25:35]} 4. Bg5
{[%clk 0:25:25]} e6 {[%clk 0:25:43]} 5. e3 {[%clk 0:25:21]} Nbd7 {[%clk 0:25:45]}
6. Nf3 {[%clk 0:25:29]} dxc4 {[%clk 0:25:53]} 7. Bxc4 {[%clk 0:25:35]} Nb6
{[%clk 0:26:02]} 8. Bd3 {[%clk 0:25:15]} Be7 {[%clk 0:25:39]} 9. O-O
{[%clk 0:25:22]} O-O {[%clk 0:25:47]} 10. Qc2 {[%clk 0:24:45]} h6
{[%clk 0:25:41]} 11. Bh4 {[%clk 0:24:24]} Nfd5 {[%clk 0:25:46]} 12. Bxe7
{[%clk 0:24:23]} Qxe7 {[%clk 0:25:46]} 13. a3 {[%clk 0:23:02]} Bd7
{[%clk 0:25:47]} 14. e4 {[%clk 0:22:09]} Nf6 {[%clk 0:25:08]} 15. Rfe1
{[%clk 0:21:32]} Rac8 {[%clk 0:25:09]} 16. Rad1 {[%clk 0:21:05]} c5
{[%clk 0:22:30]} 17. d5 {[%clk 0:20:51]} c4 {[%clk 0:22:25]} 18. Bf1
{[%clk 0:18:13]} exd5 {[%clk 0:19:33]} 19. exd5 {[%clk 0:18:02]} Qd6
{[%clk 0:19:33]} 20. Rd4 {[%clk 0:16:06]} Rc5 {[%clk 0:17:51]} 21. h3
{[%clk 0:08:51]} Nfxd5 {[%clk 0:10:02]} 22. Ne4 {[%clk 0:07:55]} Qg6
{[%clk 0:09:20]} 23. Ne5 {[%clk 0:05:15]} Qh7 {[%clk 0:06:46]} 24. Nxd7
{[%clk 0:05:14]} Nxd7 {[%clk 0:06:34]} 25. Qd2 {[%clk 0:04:45]} c3
{[%clk 0:06:22]} 26. bxc3 {[%clk 0:04:32]} N7f6 {[%clk 0:05:32]} 27. Nxc5
{[%clk 0:04:32]} b6 {[%clk 0:05:23]} 28. Na6 {[%clk 0:03:16]} Rc8
{[%clk 0:05:16]} 29. Rxd5 {[%clk 0:03:02]} Nxd5 {[%clk 0:05:23]} 30. Qxd5
{[%clk 0:03:10]} Qc2 {[%clk 0:05:13]} 31. c4 {[%clk 0:02:12]} Qc3
{[%clk 0:05:17]} 32. Re7 {[%clk 0:01:35]} Qf6 {[%clk 0:04:52]} 33. Qd7
{[%clk 0:01:36]} Rc6 {[%clk 0:04:35]} 34. Qe8+ {[%clk 0:01:30]} Kh7
{[%clk 0:04:40]} 35. Bd3+ {[%clk 0:01:28]} g6 {[%clk 0:04:09]} 36. Rxf7+
{[%clk 0:01:13]} Qg7 {[%clk 0:04:18]} 37. Rxg7+ Kxg7 {[%clk 0:04:27]} 38. Qe7+
{[%clk 0:01:02]} Kg8 {[%clk 0:04:31]} 39. Qe8+ {[%clk 0:01:01]} Kg7
{[%clk 0:04:39]} 40. Qxc6 {[%clk 0:01:09]} b5 {[%clk 0:04:43]} 41. Qxg6+
{[%clk 0:01:17]} Kf8 {[%clk 0:04:52]} 42. Qh7 {[%clk 0:01:18]} bxc4
{[%clk 0:04:50]} 43. Bg6 {[%clk 0:01:12]} c3 {[%clk 0:04:58]} 44. Qf7# 1-0

[Event "MCRDMZ 2018"]
[Site "Varnsdorf"]
[Date "2018.06.17"]
[Round "2.5"]
[White "Richter Rudolf (Kurim)"]
[Black "Trasakova Adela (Polabiny A)"]
[Result "0-1"]
[BlackElo "1611"]
[WhiteElo "1567"]
[LiveChessVersion "1.4.8"]

1. d4 {[%clk 0:25:16]} d5 {[%clk 0:25:18]} 2. c4 {[%clk 0:25:24]} c6
{[%clk 0:25:26]} 3. cxd5 {[%clk 0:25:32]} cxd5 {[%clk 0:25:33]} 4. Nc3
{[%clk 0:25:40]} Nf6 {[%clk 0:25:32]} 5. Bf4 {[%clk 0:25:44]} Nc6
{[%clk 0:24:54]} 6. e3 {[%clk 0:25:36]} a6 {[%clk 0:24:59]} 7. Nf3
{[%clk 0:25:31]} g6 {[%clk 0:24:54]} 8. Bd3 {[%clk 0:25:28]} Bg7 {[%clk 0:24:42]}
9. O-O {[%clk 0:24:43]} O-O {[%clk 0:24:33]} 10. Rc1 {[%clk 0:23:51]} Bg4
{[%clk 0:23:24]} 11. h3 {[%clk 0:23:31]} Bxf3 {[%clk 0:23:18]} 12. Qxf3
{[%clk 0:23:07]} e6 {[%clk 0:23:07]} 13. a3 {[%clk 0:22:40]} Ne7 {[%clk 0:22:08]}
14. Be5 {[%clk 0:18:40]} Nf5 {[%clk 0:20:53]} 15. Bxf5 {[%clk 0:18:25]} gxf5
{[%clk 0:20:54]} 16. Rfd1 {[%clk 0:14:56]} Kh8 {[%clk 0:18:16]} 17. Na4
{[%clk 0:09:44]} Rc8 {[%clk 0:16:32]} 18. Nc5 {[%clk 0:07:49]} Qe7
{[%clk 0:14:49]} 19. Qf4 {[%clk 0:05:00]} Rfd8 {[%clk 0:12:25]} 20. Qg5
{[%clk 0:03:42]} Rg8 {[%clk 0:07:38]} 21. Nxb7 {[%clk 0:02:47]} Qxb7
{[%clk 0:07:01]} 22. Bxf6 {[%clk 0:02:54]} Bxf6 {[%clk 0:06:25]} 23. Qxf6+
{[%clk 0:03:02]} Rg7 {[%clk 0:06:34]} 24. Kh2 {[%clk 0:02:37]} Rcg8
{[%clk 0:06:20]} 25. Rc2 {[%clk 0:02:40]} Rc8 {[%clk 0:05:05]} 26. Rdc1
{[%clk 0:02:29]} Rxc2 {[%clk 0:04:33]} 27. Rxc2 {[%clk 0:02:38]} Qd7
{[%clk 0:04:06]} 28. g3 {[%clk 0:02:07]} Kg8 {[%clk 0:04:05]} 29. Rc6
{[%clk 0:01:48]} Rg6 {[%clk 0:03:44]} 30. Qe5 {[%clk 0:00:47]} Qxc6
{[%clk 0:03:30]} 31. Qb8+ {[%clk 0:00:54]} Kg7 {[%clk 0:03:37]} 32. Qe5+
{[%clk 0:00:53]} f6 {[%clk 0:03:20]} 33. Qb8 {[%clk 0:00:57]} Qd7
{[%clk 0:02:43]} 34. Qb6 {[%clk 0:01:00]} Qc8 {[%clk 0:01:52]} 35. Qa7+
{[%clk 0:00:59]} Kh6 {[%clk 0:01:44]} 36. Qb6 {[%clk 0:00:51]} Qc2
{[%clk 0:01:37]} 37. Kg2 {[%clk 0:00:59]} Qe4+ {[%clk 0:01:44]} 38. Kg1
{[%clk 0:00:52]} e5 {[%clk 0:01:00]} 39. dxe5 {[%clk 0:00:38]} fxe5
{[%clk 0:00:58]} 40. Qc5 {[%clk 0:00:40]} Kh5 {[%clk 0:00:32]} 41. Qe7
{[%clk 0:00:37]} h6 {[%clk 0:00:31]} 42. b4 {[%clk 0:00:30]} d4 43. exd4
{[%clk 0:00:19]} exd4 {[%clk 0:00:29]} 44. Qd8 {[%clk 0:00:23]} d3
{[%clk 0:00:34]} 45. Kh2 {[%clk 0:00:19]} Rg5 {[%clk 0:00:22]} 46. Qd7
{[%clk 0:00:20]} Rg6 {[%clk 0:00:21]} 47. Qd8 {[%clk 0:00:28]} Qc4
{[%clk 0:00:22]} 48. Qe7 {[%clk 0:00:29]} d2 {[%clk 0:00:19]} 49. Qd8
{[%clk 0:00:31]} Qe4 {[%clk 0:00:14]} 50. Qxd2 {[%clk 0:00:27]} f4
{[%clk 0:00:21]} 51. Qd1+ {[%clk 0:00:19]} f3 {[%clk 0:00:25]} 52. g4+
{[%clk 0:00:17]} Kh4 {[%clk 0:00:28]} 53. Qd8+ {[%clk 0:00:22]} Rg5
{[%clk 0:00:36]} 54. Qf6 {[%clk 0:00:16]} h5 {[%clk 0:00:29]} 55. Qd6
{[%clk 0:00:00]} Qe5+ {[%clk 0:00:29]} 0-1

[Event "MCRDMZ 2018"]
[Site "Varnsdorf"]
[Date "2018.06.17"]
[Round "2.6"]
[White "Stary Vojtech (Polabiny A)"]
[Black "Movsisyan Lusine (Kurim)"]
[Result "1/2-1/2"]
[BlackElo "1009"]
[WhiteElo "1290"]
[LiveChessVersion "1.4.8"]

1. e4 {[%clk 0:25:19]} c5 {[%clk 0:25:18]} 2. Nf3 {[%clk 0:25:27]} d6
{[%clk 0:25:26]} 3. d4 {[%clk 0:25:35]} cxd4 {[%clk 0:25:34]} 4. Nxd4
{[%clk 0:25:42]} Nf6 {[%clk 0:25:40]} 5. Nc3 {[%clk 0:25:50]} e6 {[%clk 0:25:44]}
6. Be3 {[%clk 0:25:45]} Be7 {[%clk 0:25:47]} 7. Be2 {[%clk 0:25:51]} O-O
{[%clk 0:25:54]} 8. Qd2 {[%clk 0:25:56]} Nc6 {[%clk 0:25:57]} 9. O-O-O
{[%clk 0:26:02]} a6 {[%clk 0:26:04]} 10. f4 {[%clk 0:25:59]} Bd7 {[%clk 0:26:05]}
11. g4 {[%clk 0:26:03]} d5 {[%clk 0:25:22]} 12. exd5 {[%clk 0:25:53]} exd5
{[%clk 0:25:29]} 13. Rdg1 {[%clk 0:25:44]} Ne4 {[%clk 0:24:47]} 14. Nxe4
{[%clk 0:25:23]} dxe4 {[%clk 0:24:47]} 15. h4 {[%clk 0:25:25]} Qa5
{[%clk 0:23:44]} 16. Qxa5 {[%clk 0:24:29]} Nxa5 {[%clk 0:23:46]} 17. Nf5
{[%clk 0:24:13]} Nc6 {[%clk 0:23:20]} 18. Nxe7+ {[%clk 0:23:35]} Nxe7
{[%clk 0:23:25]} 19. Bc5 {[%clk 0:23:24]} Rfe8 {[%clk 0:23:29]} 20. Rd1
{[%clk 0:22:09]} Rad8 {[%clk 0:23:10]} 21. Rhg1 {[%clk 0:21:27]} Ng6
{[%clk 0:21:34]} 22. Bc4 {[%clk 0:19:08]} Nxf4 {[%clk 0:21:23]} 23. Rgf1
{[%clk 0:18:50]} Ne6 {[%clk 0:20:51]} 24. Be3 {[%clk 0:17:50]} Bc8
{[%clk 0:20:04]} 1/2-1/2

[Event "MCRDMZ 2018"]
[Site "Varnsdorf"]
[Date "2018.06.17"]
[Round "2.7"]
[White "Stalmach Richard (BSS F-M A)"]
[Black "Babula Vlastimil (Stare Mesto)"]
[Result "1/2-1/2"]
[BlackElo "1920"]
[WhiteElo "1754"]
[LiveChessVersion "1.4.8"]

1. d4 {[%clk 0:25:18]} Nf6 {[%clk 0:25:19]} 2. c4 {[%clk 0:25:27]} g6
{[%clk 0:25:24]} 3. Nc3 {[%clk 0:25:33]} d5 {[%clk 0:25:20]} 4. cxd5
{[%clk 0:25:19]} Nxd5 {[%clk 0:25:27]} 5. e4 {[%clk 0:25:29]} Nxc3
{[%clk 0:25:29]} 6. bxc3 {[%clk 0:25:38]} Bg7 {[%clk 0:25:37]} 7. Be3
{[%clk 0:25:30]} c5 {[%clk 0:25:16]} 8. Rc1 {[%clk 0:25:36]} Qa5 {[%clk 0:24:43]}
9. Qd2 {[%clk 0:25:40]} Nc6 {[%clk 0:24:51]} 10. Nf3 {[%clk 0:25:10]} cxd4
{[%clk 0:24:06]} 11. cxd4 {[%clk 0:25:15]} Qxd2+ {[%clk 0:24:13]} 12. Kxd2
{[%clk 0:25:24]} O-O {[%clk 0:24:21]} 13. Bb5 {[%clk 0:24:43]} Rd8
{[%clk 0:24:05]} 14. Bxc6 {[%clk 0:20:47]} bxc6 {[%clk 0:23:55]} 15. Rc5
{[%clk 0:19:27]} Bg4 {[%clk 0:21:56]} 16. Kc3 {[%clk 0:18:50]} Bxf3
{[%clk 0:17:53]} 17. gxf3 {[%clk 0:18:58]} Rac8 {[%clk 0:18:02]} 18. Rb1
{[%clk 0:18:28]} Rd7 {[%clk 0:18:04]} 19. Kc4 {[%clk 0:17:43]} e6
{[%clk 0:17:45]} 20. Rb4 {[%clk 0:17:04]} Bf8 {[%clk 0:17:42]} 21. a4
{[%clk 0:16:36]} Bxc5 {[%clk 0:17:35]} 22. Kxc5 {[%clk 0:16:45]} Kf8
{[%clk 0:17:16]} 23. a5 {[%clk 0:16:35]} Ke7 {[%clk 0:16:22]} 24. a6
{[%clk 0:16:45]} f6 {[%clk 0:15:09]} 25. Bf4 {[%clk 0:16:03]} Rcd8
{[%clk 0:11:14]} 26. Rb7 {[%clk 0:15:32]} Ke8 {[%clk 0:11:08]} 27. Bc7
{[%clk 0:09:15]} Rc8 {[%clk 0:10:43]} 28. Kxc6 {[%clk 0:09:13]} Rxd4
{[%clk 0:10:49]} 29. Rxa7 {[%clk 0:09:01]} Rc4+ {[%clk 0:08:37]} 30. Kd6
{[%clk 0:09:09]} Rd4+ {[%clk 0:08:19]} 31. Kc6 {[%clk 0:08:37]} Rc4+
{[%clk 0:08:12]} 32. Kd6 {[%clk 0:08:35]} Rd4+ {[%clk 0:07:18]} 33. Kc5
{[%clk 0:06:55]} Rd1 {[%clk 0:07:20]} 34. Kb6 {[%clk 0:05:46]} 1/2-1/2

[Event "MCRDMZ 2018"]
[Site "Varnsdorf"]
[Date "2018.06.17"]
[Round "2.8"]
[White "Vavra Jan (Stare Mesto)"]
[Black "Paseka Matyas (BSS F-M A)"]
[Result "0-1"]
[BlackElo "1730"]
[WhiteElo "1600"]
[LiveChessVersion "1.4.8"]

1. e4 {[%clk 0:25:17]} c5 {[%clk 0:25:17]} 2. Nf3 {[%clk 0:25:21]} d6
{[%clk 0:25:24]} 3. c3 {[%clk 0:25:24]} Nf6 {[%clk 0:25:27]} 4. Be2
{[%clk 0:25:28]} Nbd7 {[%clk 0:24:59]} 5. d3 {[%clk 0:25:11]} g6 {[%clk 0:24:59]}
6. Bf4 {[%clk 0:24:51]} Bg7 {[%clk 0:24:55]} 7. Qc2 {[%clk 0:24:07]} Qc7
{[%clk 0:24:58]} 8. Nbd2 {[%clk 0:23:35]} b6 {[%clk 0:24:46]} 9. Rc1
{[%clk 0:23:15]} Bb7 {[%clk 0:24:47]} 10. O-O {[%clk 0:22:41]} O-O
{[%clk 0:24:41]} 11. Qb1 {[%clk 0:20:11]} Qc6 {[%clk 0:21:49]} 12. b4
{[%clk 0:18:09]} a6 {[%clk 0:17:17]} 13. Qb3 {[%clk 0:14:50]} d5 {[%clk 0:15:20]}
14. e5 {[%clk 0:12:50]} Nh5 {[%clk 0:15:24]} 15. Bg3 {[%clk 0:11:39]} Nxg3
{[%clk 0:15:25]} 16. hxg3 {[%clk 0:11:46]} Nxe5 {[%clk 0:15:10]} 17. Nxe5
{[%clk 0:11:43]} Bxe5 {[%clk 0:15:19]} 18. bxc5 {[%clk 0:10:39]} bxc5
{[%clk 0:15:12]} 19. d4 {[%clk 0:10:15]} c4 {[%clk 0:14:17]} 20. Qb4
{[%clk 0:08:54]} Bd6 {[%clk 0:13:16]} 21. Qa5 {[%clk 0:08:24]} Qb5
{[%clk 0:12:53]} 22. Qxb5 {[%clk 0:07:20]} axb5 {[%clk 0:13:00]} 23. Rc2
{[%clk 0:07:22]} Ra5 {[%clk 0:12:51]} 24. Rb1 {[%clk 0:06:55]} Rfa8
{[%clk 0:12:47]} 25. Bf3 {[%clk 0:05:29]} Bc6 {[%clk 0:11:07]} 26. Rbb2
{[%clk 0:04:31]} Ra4 {[%clk 0:09:58]} 27. Nf1 {[%clk 0:03:10]} Ba3
{[%clk 0:06:48]} 28. Rb1 {[%clk 0:03:10]} b4 {[%clk 0:06:57]} 29. Ne3
{[%clk 0:02:36]} bxc3 {[%clk 0:02:17]} 30. Rxc3 {[%clk 0:02:14]} e6
{[%clk 0:02:26]} 31. Nxc4 {[%clk 0:01:22]} Rxc4 {[%clk 0:02:31]} 32. Rxc4
{[%clk 0:01:27]} dxc4 {[%clk 0:02:38]} 33. Bxc6 {[%clk 0:01:35]} Rc8
{[%clk 0:02:46]} 34. Be4 {[%clk 0:01:22]} c3 {[%clk 0:02:50]} 35. Rb3
{[%clk 0:01:10]} Bb2 {[%clk 0:02:34]} 36. Bc2 {[%clk 0:01:17]} Rc4
{[%clk 0:02:38]} 37. Rb8+ {[%clk 0:01:05]} Kg7 {[%clk 0:02:42]} 38. Rd8
{[%clk 0:01:12]} Kf6 {[%clk 0:02:36]} 39. a4 {[%clk 0:01:11]} Ke7
{[%clk 0:02:42]} 40. Rb8 {[%clk 0:00:56]} Rxd4 {[%clk 0:02:34]} 41. a5
{[%clk 0:00:46]} Rd2 {[%clk 0:01:54]} 42. a6 {[%clk 0:00:34]} Rxc2
{[%clk 0:01:53]} 43. a7 {[%clk 0:00:42]} Rc1+ {[%clk 0:02:02]} 44. Kh2
{[%clk 0:00:51]} Ra1 {[%clk 0:02:10]} 45. a8=Q {[%clk 0:00:56]} Rxa8
{[%clk 0:02:19]} 46. Rxa8 {[%clk 0:01:02]} c2 {[%clk 0:02:27]} 47. Rc8
{[%clk 0:01:05]} c1=Q {[%clk 0:02:35]} 48. Rxc1 {[%clk 0:01:12]} Bxc1 0-1

[Event "MCRDMZ 2018"]
[Site "Varnsdorf"]
[Date "2018.06.17"]
[Round "2.9"]
[White "Vasinek Martin (BSS F-M A)"]
[Black "Kubin Tomas Daniel (Stare Mesto)"]
[Result "1/2-1/2"]
[BlackElo "1527"]
[WhiteElo "1829"]
[LiveChessVersion "1.4.8"]

1. d4 {[%clk 0:25:17]} d5 {[%clk 0:25:15]} 2. c4 {[%clk 0:25:26]} e6
{[%clk 0:25:23]} 3. Nc3 {[%clk 0:25:33]} Nf6 {[%clk 0:25:30]} 4. Nf3
{[%clk 0:25:41]} Nbd7 {[%clk 0:25:24]} 5. e3 {[%clk 0:25:49]} Be7
{[%clk 0:25:02]} 6. Be2 {[%clk 0:25:55]} dxc4 {[%clk 0:24:44]} 7. Bxc4
{[%clk 0:26:02]} O-O {[%clk 0:24:29]} 8. O-O {[%clk 0:26:07]} a6 {[%clk 0:24:13]}
9. h3 {[%clk 0:26:14]} b5 {[%clk 0:24:11]} 10. Bd3 {[%clk 0:25:54]} Bb7
{[%clk 0:23:56]} 11. b3 {[%clk 0:23:02]} c5 {[%clk 0:22:56]} 12. Bb2
{[%clk 0:20:47]} Qb6 {[%clk 0:20:58]} 13. dxc5 {[%clk 0:20:26]} Bxc5
{[%clk 0:20:42]} 14. Rc1 {[%clk 0:19:52]} Rfd8 {[%clk 0:20:23]} 15. Ne1
{[%clk 0:17:43]} Rac8 {[%clk 0:18:18]} 16. Qe2 {[%clk 0:17:13]} Bd6
{[%clk 0:14:40]} 17. Nf3 {[%clk 0:07:48]} Bxf3 {[%clk 0:13:50]} 18. gxf3
{[%clk 0:07:06]} Ne5 {[%clk 0:11:40]} 19. Ne4 {[%clk 0:05:57]} Nxe4
{[%clk 0:10:15]} 20. Bxe4 {[%clk 0:05:50]} Bc7 {[%clk 0:06:44]} 21. f4
{[%clk 0:04:35]} Ng6 {[%clk 0:06:09]} 22. Rc6 {[%clk 0:04:07]} Qa5
{[%clk 0:03:52]} 23. Rc2 {[%clk 0:01:42]} Bd6 {[%clk 0:02:53]} 24. Rxc8
{[%clk 0:01:07]} Rxc8 {[%clk 0:03:00]} 25. Rd1 {[%clk 0:01:16]} Ba3
{[%clk 0:02:26]} 26. Bxa3 {[%clk 0:01:18]} Qxa3 {[%clk 0:02:34]} 27. Qd2
{[%clk 0:01:09]} h6 {[%clk 0:02:19]} 28. Bxg6 {[%clk 0:01:16]} fxg6
{[%clk 0:02:25]} 29. Qd7 {[%clk 0:01:18]} Rc1 {[%clk 0:02:06]} 30. Qxe6+
{[%clk 0:01:24]} Kh7 {[%clk 0:02:15]} 31. Rxc1 {[%clk 0:01:29]} Qxc1+
{[%clk 0:02:24]} 32. Kg2 {[%clk 0:01:37]} Qc2 {[%clk 0:02:23]} 33. Qxa6
{[%clk 0:01:25]} Qe4+ {[%clk 0:02:27]} 34. Kg3 {[%clk 0:01:22]} Qd5
{[%clk 0:02:32]} 35. Qc8 {[%clk 0:01:11]} Qd1 {[%clk 0:02:05]} 36. Qc6
{[%clk 0:00:52]} Qg1+ {[%clk 0:02:05]} 37. Qg2 {[%clk 0:01:00]} Qb1
{[%clk 0:02:09]} 38. f3 {[%clk 0:01:06]} Qe1+ {[%clk 0:02:13]} 39. Qf2
{[%clk 0:01:15]} Qc3 {[%clk 0:02:15]} 40. e4 {[%clk 0:01:15]} Qf6
{[%clk 0:02:09]} 41. e5 {[%clk 0:01:08]} Qf5 {[%clk 0:02:11]} 42. Qe2
{[%clk 0:00:59]} h5 {[%clk 0:02:05]} 43. Qe4 {[%clk 0:01:01]} Qd7
{[%clk 0:02:01]} 44. e6 {[%clk 0:01:05]} Qa7 {[%clk 0:01:42]} 45. Qe2
{[%clk 0:00:31]} Qg1+ {[%clk 0:01:40]} 46. Kh4 {[%clk 0:00:40]} Qd4
{[%clk 0:01:24]} 47. Kg3 {[%clk 0:00:37]} Qg1+ {[%clk 0:01:28]} 48. Kh4
{[%clk 0:00:35]} Qd4 {[%clk 0:01:33]} 49. Kg3 {[%clk 0:00:28]} Qg1+
{[%clk 0:00:47]} 1/2-1/2